000 01256nam a22003617a 4500
003 CHAP
005 20220817042628.0
008 971013s1986 r 00010 d
010 _a50366
011 _a51338
035 _a55488
040 _cCHAP
082 _a519.535
_bP5
100 0 0 _aPia, Laura E.
_987935
245 _aAnálisis multivariado
_b: método de componentes principales
260 _aWashington :
_bOEA,
_c1986
300 _a94 p.
_b: gráfs.
490 _aSerie de matemáticas. Monografía
_v; 27
590 _aBATCH-UPD
_b10
_c20130110
_lUCH01
_h0358
590 _aBATCH-UPD
_b10
_c20130110
_lUCH01
_h2240
590 _aBATCH-UPD
_b10
_c20130410
_lUCH01
_h0031
590 _aBATCH-UPD
_b10
_c20130410
_lUCH01
_h1534
590 _aBATCH-UPD
_b10
_c20130914
_lUCH01
_h0349
590 _aBATCH-UPD
_b10
_c20130914
_lUCH01
_h2021
590 _aCONVERSION
_b10
_c20130109
_lUCH01
_h1327
650 1 4 _aAnálisis multivariado.
_95990
710 0 _aOrganización de los Estados Americanos.
830 0 _aSerie de matemáticas. Monografía
_v; 27
_9104764
901 _aBK
942 _cLIBRO
949 _a519.535 P5
_bBC
_cLIBRO
_d33724000144325
_eLIBRO
_fc.2
_h69691
_i55488
_si
949 _a519.535 P5
_bBC
_cLIBRO
_d33724000437075
_eLIBRO
_h69690
_i55488
_si
999 _c50366
_d50366